000 00977nam a22002417a 4500
003 PE SENCICO BE
005 20251020182649.0
008 240110b |||||||| |||| 00| 0 eng d
040 _aPE SENCICO BE
_cPE SENCICO BE
041 _aspa
084 _aI
_aDIS
_a2016
_bC22
100 1 _91860
_aCamones Ramos, Ivan Heriberto
_eautor
245 1 _aAcabados y enchapes de paredes en espacios interiores /
_cIvan Heriberto Camones Ramos
260 _aLima :
_c2016
300 _a48 h. :
_bil. col. ;
_c30 cm.
502 _aMonografía de Titulación.-- Servicio Nacional de Capacitación para la Industria de la Construcción. Escuela Superior Técnica. Carrera Profesional Técnica en Diseño de Interiores, 2016
650 1 0 _944
_aDiseño de interiores
650 2 0 _9846
_aAcabados
650 2 0 _91620
_aEnchapes
710 1 _aServicio Nacional de Capacitación para la Industria de la Construcción.
_bEscuela Superior Técnica
_91065
910 _bhfp
_chfp
942 _cMON
999 _c4491
_d4491